[Event "Sao Paulo Hebraica op 18th"]
[Site "Sao Paulo"]
[Date "2014.07.20"]
[Round "5"]
[White "Dos Reis, Leandro Aparecido C"]
[Black "De Assis, Rubens Mesquita"]
[Result "1-0"]
[WhiteElo "1918"]
[BlackElo "1750"]
[PlyCount "87"]
[EventDate "2014.07.17"]
[EventType "swiss"]
[EventRounds "6"]
[EventCountry "BRA"]
[SourceTitle "CBM 161 Extra"]
[Source "ChessBase"]
[SourceDate "2014.08.29"]
[SourceVersion "1"]
[SourceVersionDate "2014.08.29"]
[SourceQuality "1"]

1. d4 Nf6 2. c4 e6 3. Nf3 Bb4+ 4. Bd2 Qe7 5. a3 Bxd2+ 6. Qxd2 d6 7. Nc3 0-0 8. g3 Nbd7 9. Bg2 a5 10. 0-0 Re8 11. e4 e5 12. Rfe1 Nf8 13. Nb5 Bg4 14. Nc3 Bxf3 15. Bxf3 Ne6 16. Ne2 exd4 17. Nxd4 Nxd4 18. Qxd4 Nd7 19. Rad1 Ne5 20. Bg2 Nd7 21. f4 Rad8 22. Qa7 Nb6 23. Bf1 Qf6 24. Rd2 d5 25. cxd5 g5 26. fxg5 Qxg5 27. Qxa5 Rxd5 28. Rxd5 Nxd5 29. exd5 Rxe1 30. Qxe1 Qxd5 31. Bg2 Qd4+ 32. Qf2 Qd1+ 33. Bf1 Qd5 34. Qf4 h5 35. Bc4 Qd1+ 36. Kg2 Qc2+ 37. Kh3 Qg6 38. Kh4 Kf8 39. Qxf7+ Qxf7 40. Bxf7 Kxf7 41. Kxh5 c5 42. Kg5 b5 43. Kf5 c4 44. Ke5 1-0

[Event "Rio Claro op"]
[Site "Rio Claro"]
[Date "2014.05.16"]
[Round "2"]
[White "Pires, Marcos Vinicius Tor"]
[Black "De Assis, Rubens Mesquita"]
[Result "1-0"]
[WhiteElo "2234"]
[BlackElo "1733"]
[PlyCount "37"]
[EventDate "2014.05.16"]
[EventType "swiss"]
[EventRounds "6"]
[EventCountry "BRA"]
[SourceTitle "CBM 160 Extra"]
[Source "ChessBase"]
[SourceDate "2014.07.01"]
[SourceVersion "1"]
[SourceVersionDate "2014.07.01"]
[SourceQuality "1"]

1. Nf3 d5 2. d4 Nf6 3. c4 e6 4. g3 Bb4+ 5. Bd2 Qe7 6. a3 Bxd2+ 7. Nbxd2 Nbd7 8. Bg2 a5 9. b3 0-0 10. 0-0 e5 11. dxe5 Nxe5 12. Nxe5 Qxe5 13. cxd5 Nxd5 14. Nc4 Qf6 15. Qxd5 Rd8 16. Qe5 Qh6 17. Qxc7 Rd7 18. Rad1 Rxd1 19. Rxd1 1-0

[Event "Sao Paulo Hebraica op 17th"]
[Site "Sao Paulo"]
[Date "2014.01.11"]
[Round "3"]
[White "De Assis, Rubens Mesquita"]
[Black "Mendes, Rodrigo Machado"]
[Result "1-0"]
[WhiteElo "1793"]
[BlackElo "1892"]
[PlyCount "65"]
[EventDate "2014.01.09"]
[EventType "swiss"]
[EventRounds "6"]
[EventCountry "BRA"]
[SourceTitle "CBM 158 Extra"]
[Source "ChessBase"]
[SourceDate "2014.02.28"]
[SourceVersion "1"]
[SourceVersionDate "2014.02.28"]
[SourceQuality "1"]

1. d4 f5 2. c4 Nf6 3. Nf3 e6 4. e3 Be7 5. Nc3 0-0 6. Bd3 b6 7. b3 Bb7 8. Bb2 Qe8 9. 0-0 Qh5 10. Ne5 Qh6 11. Qc1 Qg5 12. d5 exd5 13. f4 Qh6 14. Rf3 Bc5 15. Rh3 Qxf4 16. Ne2 Qg5 17. Rg3 Qh5 18. Nf4 Qe8 19. Bxf5 Bd6 20. Bxh7+ Kxh7 21. Qc2+ Kg8 22. Qf5 Bc5 23. Rxg7+ Kxg7 24. Qg5+ Kh7 25. Qf5+ Kh6 26. Qh3+ Nh5 27. Ng4+ Kg5 28. Rf1 Rxf4 29. Rxf4 Nxf4 30. Qh6+ Kxg4 31. Qxf4+ Kh5 32. g4+ Kg6 33. Qf6+ 1-0

[Event "Sao Paulo Hebraica op 17th"]
[Site "Sao Paulo"]
[Date "2014.01.09"]
[Round "1"]
[White "De Assis, Rubens Mesquita"]
[Black "Abrantes, Tiago Garrido"]
[Result "0-1"]
[WhiteElo "1793"]
[BlackElo "2154"]
[PlyCount "90"]
[EventDate "2014.01.09"]
[EventType "swiss"]
[EventRounds "6"]
[EventCountry "BRA"]
[SourceTitle "CBM 158 Extra"]
[Source "ChessBase"]
[SourceDate "2014.02.28"]
[SourceVersion "1"]
[SourceVersionDate "2014.02.28"]
[SourceQuality "1"]

1. d4 Nf6 2. Nf3 e6 3. c4 b6 4. g3 Bb7 5. Bg2 Be7 6. 0-0 0-0 7. Nc3 Ne4 8. Qc2 Nxc3 9. Qxc3 d6 10. Rd1 Nd7 11. Qc2 f5 12. Ne1 Bxg2 13. Nxg2 e5 14. dxe5 Nxe5 15. Bf4 Qc8 16. Bxe5 dxe5 17. Rd5 e4 18. Rad1 Bd6 19. a3 a5 20. Qc3 a4 21. h4 Qe6 22. Rxd6 cxd6 23. Nf4 Qe5 24. Qb4 Rfd8 25. Nd5 h6 26. Kg2 Kh7 27. Ne3 Qc5 28. Qc3 Qe5 29. Qc2 Ra5 30. Rd5 Rxd5 31. Nxd5 b5 32. Ne3 Rc8 33. Qd1 bxc4 34. Qxa4 Qe6 35. Qa7 Rf8 36. Qd4 f4 37. gxf4 Rxf4 38. Qxc4 Qg6+ 39. Kf1 Qg3 40. Nd1 Qxh4 41. Ke1 Qh1+ 42. Kd2 e3+ 43. Nxe3 Rxc4 44. Nxc4 Qe4 45. Ne3 d5 0-1